书目信息 |
| 题名: |
纸上谈兵说管理
|
|
| 作者: | 肖知兴 著 | |
| 分册: | ||
| 出版信息: | 北京 机械工业出版社 2006.12 |
|
| 页数: | 154页 | |
| 开本: | 23cm | |
| 丛书名: | 肖知兴管理系列 | |
| 单 册: | ||
| 中图分类: | F279.2 | |
| 科图分类: | ||
| 主题词: | 企业管理--研究--中国 | |
| 电子资源: | ||
| ISBN: | 7-111-19546-9 | |
| 000 | 00773nam0 2200241 45 | |
| 001 | 545328 | |
| 005 | 20100816163919.34 | |
| 010 | @a7-111-19546-9@dCNY26.00 | |
| 100 | @a20100515d2006 ekmy0 y0120 ea | |
| 101 | 0 | @achi |
| 102 | @aCN@b110000 | |
| 105 | @ay z 000yy | |
| 200 | 1 | @a纸上谈兵说管理@Azhi shang tan bing shuo guan li@f肖知兴著@Fxiao zhi xing zhu |
| 210 | @a北京@c机械工业出版社@d2006.12 | |
| 215 | @a154页@d23cm | |
| 225 | 2 | @a肖知兴管理系列 |
| 330 | @a本书为知名管理学者肖知兴的文章之集萃,涵盖了执行之难、国际化、文化的力量、权术、内讧的缘由、代理危机诸方面。 | |
| 410 | 0 | @12001 @a肖知兴管理系列 |
| 606 | 0 | @a企业管理@x研究@y中国 |
| 690 | @aF279.2@v4 | |
| 701 | 0 | @a肖知兴@Axiao zhi xing@4著 |
| 801 | 0 | @aCN@c20100515 |
| 905 | @dF279.2@eX2951@f3 | |
| 纸上谈兵说管理/肖知兴著.-北京:机械工业出版社,2006.12 |
| 154页;23cm.-(肖知兴管理系列) |
| ISBN 7-111-19546-9:CNY26.00 |
| 本书为知名管理学者肖知兴的文章之集萃,涵盖了执行之难、国际化、文化的力量、权术、内讧的缘由、代理危机诸方面。 |
| ● |
| 相关链接 |
|
|
|
正题名:纸上谈兵说管理
索取号:F279.2/X2951
 
预约/预借
| 序号 | 登录号 | 条形码 | 馆藏地/架位号 | 状态 | 备注 |
| 1 | 1030123 | 210301234 | 社科二线422/409社科库 97排3列5层/ [索取号:F279.2/X2951] | 在馆 | |
| 2 | 1030124 | 210301243 | 社科二线422/409社科库 97排3列5层/ [索取号:F279.2/X2951] | 在馆 | |
| 3 | 1030125 | 210301252 | 社科库409/409社科库 97排3列5层/ [索取号:F279.2/X2951] | 在馆 |